[Event "Tatry op"]
[Site "Tatranske Zruby"]
[Date "2009.09.27"]
[Round "1"]
[White "Spurny, Ondrej"]
[Black "Kanos, Jozef"]
[Result "1-0"]
[WhiteElo "2055"]
[BlackElo "1990"]
[PlyCount "63"]
[EventDate "2009.09.27"]
[EventType "swiss"]
[EventRounds "9"]
[EventCountry "SVK"]
[SourceTitle "EXT 2011"]
[Source "ChessBase"]
[SourceDate "2010.11.26"]
[SourceVersion "1"]
[SourceVersionDate "2010.11.26"]
[SourceQuality "1"]

1. e4 e5 2. Nf3 Nf6 3. Nxe5 d6 4. Nf3 Nxe4 5. d4 d5 6. Bd3 Bg4 7. 0-0 Bd6 8. c4 c6 9. Nc3 f5 10. cxd5 cxd5 11. Qa4+ Nc6 12. Ne5 Bxe5 13. dxe5 Nxc3 14. bxc3 0-0 15. Re1 Re8 16. f4 g5 17. h3 Bh5 18. Bxf5 Kh8 19. Rb1 Qe7 20. fxg5 Qc5+ 21. Kh1 Qf2 22. Bf4 Be2 23. Bd7 Rf8 24. Bh2 Bf3 25. Rg1 Be4 26. Bxc6 bxc6 27. e6 Rf5 28. Qxc6 Raf8 29. e7 Rxg5 30. exf8Q+ Qxf8 31. Rb8 Rxg2 32. Rxg2 1-0

[Event "SVK-chT2C 0708"]
[Site "Slovakia"]
[Date "2007.12.02"]
[Round "6.1"]
[White "Kanos, Jozef"]
[Black "Bucha, Hubert"]
[Result "1/2-1/2"]
[WhiteElo "2037"]
[BlackElo "2063"]
[PlyCount "137"]
[EventDate "2007.10.06"]
[EventType "team-tourn"]
[EventRounds "11"]
[EventCountry "SVK"]
[SourceTitle "EXT 2010"]
[Source "ChessBase"]
[SourceDate "2010.11.25"]
[SourceVersion "1"]
[SourceVersionDate "2010.11.25"]
[SourceQuality "1"]
[WhiteTeam "Banska Bystrica CVC"]
[BlackTeam "Zvolen Slavia"]
[WhiteTeamCountry "SVK"]
[BlackTeamCountry "SVK"]

1. e4 d6 2. f4 c5 3. Nf3 Nc6 4. c3 d5 5. e5 Qb6 6. d3 e6 7. Be2 Bd7 8. 0-0 f5 9. Qc2 Nh6 10. h3 Rc8 11. Be3 Qd8 12. Nbd2 Be7 13. Nb3 b6 14. Rad1 0-0 15. Qd2 a5 16. Kh2 a4 17. Nc1 b5 18. d4 Na5 19. b3 axb3 20. axb3 c4 21. b4 Nc6 22. Rg1 g6 23. g3 Ra8 24. Rg2 Ra3 25. Rdg1 Qa8 26. Ne1 Rf7 27. Nc2 Ra7 28. g4 Kh8 29. Qe1 Qf8 30. g5 Ng8 31. Bf2 Be8 32. h4 Rg7 33. Qd1 Bd8 34. Rg3 h5 35. Bf3 Nge7 36. R3g2 Ra8 37. Ne2 Nc8 38. Ng3 Nb6 39. Ne3 Ne7 40. Qe2 Ra3 41. Qb2 Ra7 42. Be1 Bf7 43. Qe2 Qe8 44. Qc2 Bc7 45. Qe2 Ra1 46. Qb2 Qa8 47. Nc2 Ra2 48. Qb1 Ra7 49. Bd2 Na4 50. Ne2 Be8 51. Ne3 Bf7 52. Rc1 Nb6 53. Qc2 Be8 54. Qd1 Na4 55. Rc2 Nb6 56. Rg1 Bd8 57. Rc1 Ra2 58. Ng3 Na4 59. Rc2 Rxc2 60. Qxc2 Nb6 61. Qb2 Qb8 62. Ra1 Nc6 63. Qb1 Ra7 64. Rxa7 Qxa7 65. Nc2 Qa4 66. Bd1 Qa7 67. Nf1 Nb8 68. Nfe3 N8d7 69. Be2 1/2-1/2

[Event "SVK-chT2C 0708"]
[Site "Slovakia"]
[Date "2007.10.06"]
[Round "1.4"]
[White "Muntag, Marian"]
[Black "Kanos, Jozef"]
[Result "1-0"]
[WhiteElo "1964"]
[BlackElo "2037"]
[PlyCount "57"]
[EventDate "2007.10.06"]
[EventType "team-tourn"]
[EventRounds "11"]
[EventCountry "SVK"]
[SourceTitle "EXT 2010"]
[Source "ChessBase"]
[SourceDate "2010.11.25"]
[SourceVersion "1"]
[SourceVersionDate "2010.11.25"]
[SourceQuality "1"]
[WhiteTeam "Zilina DMS"]
[BlackTeam "Banska Bystrica CVC"]
[WhiteTeamCountry "SVK"]
[BlackTeamCountry "SVK"]

1. e4 e5 2. Nf3 Nf6 3. Nc3 Nc6 4. d4 exd4 5. Nxd4 Bc5 6. Be3 Bb4 7. Nxc6 Bxc3+ 8. bxc3 bxc6 9. Bd3 Qe7 10. Qf3 0-0 11. 0-0 d5 12. exd5 cxd5 13. Rfe1 Bg4 14. Qg3 Qd7 15. Bd4 Nh5 16. Qh4 c5 17. Bxc5 Rfc8 18. Bd4 g6 19. h3 Bxh3 20. Qxh3 Qxh3 21. gxh3 Re8 22. Rxe8+ Rxe8 23. Bxa7 Nf4 24. Kh2 h5 25. Bd4 Ra8 26. a4 Kf8 27. a5 Ke8 28. a6 Kd8 29. Bb5 1-0

[Event "SVK-chT2C 0607"]
[Site "Slovakia"]
[Date "2006.12.16"]
[Round "5.4"]
[White "Gregor, Jozef"]
[Black "Kanos, Jozef"]
[Result "1-0"]
[WhiteElo "2089"]
[BlackElo "2013"]
[PlyCount "103"]
[EventDate "2006.10.14"]
[EventType "team-tourn"]
[EventRounds "11"]
[EventCountry "SVK"]
[SourceTitle "EXT 2008"]
[Source "ChessBase"]
[SourceDate "2007.11.25"]
[SourceVersion "1"]
[SourceVersionDate "2007.11.25"]
[SourceQuality "1"]
[WhiteTeam "Zvolen Slavia"]
[BlackTeam "Jelsava Magnezit"]
[WhiteTeamCountry "SVK"]
[BlackTeamCountry "SVK"]

1. d4 e6 2. c4 f5 3. Nc3 Nf6 4. g3 Be7 5. Bg2 c6 6. Nh3 0-0 7. 0-0 d5 8. b3 Na6 9. e3 Bd7 10. Bb2 Rc8 11. Qe2 Qe8 12. Rfc1 Nc7 13. Ng5 Ne4 14. Nf3 Nxc3 15. Bxc3 Qh5 16. Rc2 Bf6 17. Bb4 Rf7 18. Rac1 g5 19. Ne5 Qxe2 20. Rxe2 Rg7 21. Rd2 Bxe5 22. dxe5 Be8 23. Bd6 Bf7 24. Kf1 h5 25. Be7 Ne8 26. a4 g4 27. Bc5 a6 28. Bb6 Nc7 29. h4 Na8 30. Bd4 Rh7 31. b4 Kf8 32. cxd5 exd5 33. b5 axb5 34. axb5 Rh6 35. Bc5+ Ke8 36. b6 Kd7 37. Rb2 Re6 38. Bd4 Ree8 39. Rc5 Be6 40. f3 Rg8 41. f4 Rgd8 42. Ke1 Rb8 43. Ra5 Bg8 44. Bc5 Ke6 45. Kd2 Bf7 46. Kc3 Be8 47. Ra7 Kf7 48. Kd4 Rd7 49. Ra5 Rdd8 50. Bf1 Rd7 51. Rba2 Nxb6 52. Bxb6 1-0